National planning guidelines and strategic planning (Record no. 11944)
[ view plain ]
| 000 -LEADER | |
|---|---|
| fixed length control field | 01078cab a2200205 4500 |
| 001 - CONTROL NUMBER | |
| control field | ABS39650 |
| 008 - FIXED-LENGTH DATA ELEMENTS--GENERAL INFORMATION | |
| fixed length control field | 090401t1987 xxu||||| |||| 00| 0 eng d |
| 035 ## - SYSTEM CONTROL NUMBER | |
| System control number | (Sirsi) u18013 |
| 041 ## - LANGUAGE CODE | |
| Language code of text/sound track or separate title | eng |
| 100 ## - MAIN ENTRY--PERSONAL NAME | |
| Personal name | Rowan-Robinson, I |
| 245 ## - TITLE STATEMENT | |
| Title | National planning guidelines and strategic planning |
| 260 ## - PUBLICATION, DISTRIBUTION, ETC. | |
| Date of publication, distribution, etc. | 1987 |
| 350 ## - PRICE (NR) (BK AM CF MU VM SE) [OBSOLETE] | |
| Price | 0 |
| 490 ## - SERIES STATEMENT | |
| Series statement | Town Planning Review |
| Volume/sequential designation | 58(4) October 1987, 369-381(13) |
| 520 ## - SUMMARY, ETC. | |
| Summary, etc. | National planning guidelines prepared and issued by the Scottish Development Department define land-based resources or potential for development which are of national significance. The recent report of the Committee of Inquiry into Town and Country Planning appointed by the Nuffield Foundation recommends their adoption, suitably amended in England and Wales. The article examines the evolution and objectives of the guidelines and identifies two broad categories of guideline in practice. These are the zoning and policy guidelines. (Journal abstract) |
| 690 ## - LOCAL SUBJECT ADDED ENTRY--TOPICAL TERM (OCLC, RLIN) | |
| Topical term or geographic name as entry element | PLANNING LAW AND PRACTICE |
| 700 ## - ADDED ENTRY--PERSONAL NAME | |
| Personal name | Elliott, R.G. |
| 942 ## - ADDED ENTRY ELEMENTS (KOHA) | |
| Suppress in OPAC | 0 |
| 948 ## - LOCAL PROCESSING INFORMATION (OCLC); SERIES PART DESIGNATOR (RLIN) | |
| c (OCLC) | 04/03/1997 |
| Withdrawn status | Lost status | Source of classification or shelving scheme | Damaged status | Not for loan | Home library | Current library | Shelving location | Date acquired | Total Checkouts | Full call number | Barcode | Date last seen | Copy number | Price effective from | Koha item type |
|---|---|---|---|---|---|---|---|---|---|---|---|---|---|---|---|
| Dewey Decimal Classification | London | London | Journal article | 14/09/1999 | ABS39650 | 18013-1001 | 06/08/2019 | 1 | 06/08/2019 | Journal article |